000 00770nam a22002417a 4500
999 _c165871
_d165871
005 20190703170726.0
010 _aB-29284
020 _a-
_c300.00
035 _aB-29284
037 _bBPPD/Ven.
_adpl
082 _a840
100 _aشفيع شيخ
245 _aعر بی ز با ن و ا د ب کا ا ر د و پر ا ثر
_cشفيع شيخ
_hUrdu
246 _aArabi Zuban -o-Adab ka Urdu par Asar (Urdu)
_bby Shafi Sheikh
250 _a2000
260 _aN.Delhi 110025
_bMaktaba Jamia Ltd.
270 _aOkhla Jamia Nagar
300 _a376ص
_c22cm(Hbk)
490 _aJaico illustrated classics series
942 _2ddc
_cUR
_mش ف ی
_h840